00377nam a22001097a 4500008004100000020001500041050002600056100002400082245010000106260004600206300001500252210626b xxu||||| |||| 00| 0 eng d a9966261861 aBR1447b.Z34 2019 c.1 aZablon, Jacob Kibor aThe Growth and Development of the African Inland Church in Marakwet, Kenya cJacob Kibor Zablon aEldoret, Kenya bUtafiti Foundationc2019 axii, 157p.